<?xml version="1.0" encoding="UTF-8"?>
<collection xmlns="http://www.loc.gov/MARC21/slim">
 <record>
  <leader>00899nam a2200169Ia 4500</leader>
  <controlfield tag="001">UIH_02065</controlfield>
  <controlfield tag="008">230809s9999    xx            000 0 und d</controlfield>
  <datafield tag="082" ind1=" " ind2=" ">
   <subfield code="a">332.1</subfield>
  </datafield>
  <datafield tag="100" ind1=" " ind2=" ">
   <subfield code="a">Lê, Mai Hương</subfield>
  </datafield>
  <datafield tag="245" ind1=" " ind2="0">
   <subfield code="a">Tác động của quản trị tài sản đến tỷ suất lợi nhuận của các công ty cổ phần niêm yết trên sở giao dịch chứng khoán Thành phố Hồ Chí Minh : Luận văn thạc sĩ - Chuyên ngành: Tài chính - Ngân hàng</subfield>
  </datafield>
  <datafield tag="245" ind1=" " ind2="0">
   <subfield code="c">Lê, Mai Hương</subfield>
  </datafield>
  <datafield tag="260" ind1=" " ind2=" ">
   <subfield code="b">Trường Đại học Công Nghiệp Tp. Hồ Chí Minh</subfield>
  </datafield>
  <datafield tag="260" ind1=" " ind2=" ">
   <subfield code="c">2020</subfield>
  </datafield>
  <datafield tag="650" ind1=" " ind2=" ">
   <subfield code="a">Tài chính ngân hàng;Chứng khoán;</subfield>
  </datafield>
  <datafield tag="856" ind1=" " ind2=" ">
   <subfield code="u">https://opac.iuh.edu.vn/TraCuuTaiLieuSo2XemChiTiet.aspx?Id=111003</subfield>
  </datafield>
  <datafield tag="927" ind1=" " ind2=" ">
   <subfield code="a">Luận văn</subfield>
  </datafield>
  <datafield tag="980" ind1=" " ind2=" ">
   <subfield code="a">Trung tâm Thư viện - Trường Đại học Công nghiệp TP. Hồ Chí Minh</subfield>
  </datafield>
 </record>
</collection>
